| 000 | 00692 a2200193 4500 | ||
|---|---|---|---|
| 999 |
_c8891 _d8891 |
||
| 020 | _a0072423242 | ||
| 050 | _aHF 5548.2 OBR 2001 | ||
| 100 |
_aO'Brien, James A. _d1936- _eauthor |
||
| 245 |
_aIntroduction to information systems : _bessentials for the internetworked E-business enterprise / _cJames A. O'Brien |
||
| 250 | _a10th edition | ||
| 264 |
_aBoston : _bMcGraw-Hill/Irwin, _c2001 |
||
| 300 |
_a1 volume (various pagings) : _bill. ; 26cm |
||
| 500 | _aIncludes index. | ||
| 650 | _aBusiness data processing | ||
| 650 | _aManagement data processing | ||
| 650 | _aManagement information systems | ||
| 650 | _aElectronic commerce | ||
| 942 |
_2lcc _cBK _e10th edition _h5548.2 _iOBR _kHF |
||